Suitability of the Monocentric City Model for Analysing Suburbanization Processes in the Czech Republic

Vhodnosť populárneho modelu monocentrického mesta pre rozbor suburbanizačných procesov v polycentrických oblastiach v Českej republike, použitím údajov za české okresy (NUTS 4) v období 2010 –2019.

Salvato in:
Dettagli Bibliografici
Autore principale: Krejčí, Martin
Altri autori: Balcar, Jiří
Natura: Capitolo di libro
Lingua:inglese
Soggetti:
Tags: Aggiungi Tag
Nessun Tag, puoi essere il primo ad aggiungerne!!

MARC

LEADER 00000naa a2200000 4500
001 0297345
005 20231129092802.4
041 0 |a eng 
044 |a SK 
245 1 0 |a Suitability of the Monocentric City Model for Analysing Suburbanization Processes in the Czech Republic  |c Martin Krejčí, Jiří Balcar 
520 |a Vhodnosť populárneho modelu monocentrického mesta pre rozbor suburbanizačných procesov v polycentrických oblastiach v Českej republike, použitím údajov za české okresy (NUTS 4) v období 2010 –2019. 
610 2 0 |a urbanizácia 
610 2 0 |a mestá 
610 2 0 |a modely 
610 2 0 |a regresia 
610 2 0 |a udržateľnosť 
610 2 0 |a Česko 
610 2 0 |a procesy sociálno-ekonomické 
100 1 |a Krejčí, Martin 
700 1 |a Balcar, Jiří